| 000 | 00617cam a22002411 4500 | ||
|---|---|---|---|
| 001 | sa 64009069 | ||
| 003 | DLC | ||
| 005 | 20260227112059.0 | ||
| 008 | 900123s1964 ii ab b 000 0 hino | ||
| 010 | _asa 64009069 | ||
| 035 | _a(OCoLC)20946995 | ||
| 040 |
_aDLC _cWaU _dDLC |
||
| 042 | _apremarc | ||
| 050 | 0 | 0 |
_aPK575 _b.J6 |
| 100 | 1 | _aJoshi, Hari Shankar. | |
| 245 | 1 | 0 | _aPratibhādarśana. |
| 260 | _c[1964] | ||
| 300 |
_a22, 580 p. _billus., maps. _c23 cm. |
||
| 500 | _aIn Hindi. | ||
| 504 | _aBibliographical footnotes. | ||
| 650 | 0 |
_aSanskrit language _xSyntax. |
|
| 650 | 0 |
_aHindi language _xSyntax. |
|
| 999 |
_c61235 _d61235 |
||